000 00217nam a22000857a 4500
008 161121b xxu||||| |||| 00| 0 eng d
100 _91296
_aBPI India
245 _aThe Hidden Treasure
260 _aNew Delhi
_bBPI INDIA
_c2011
999 _c4000
_d4000